000
00230 a2200097 4500
001
48038
100
_a
Ahmad
245
_a
Islamic modernist in India and Pakistan
260
_a
London
_b
Oxford univ press
_c
090
_c
31026
_d
31026
942
_a
NUST-CAE
_c
M
_c
23366
999
_c
283111
_d
283111